[Localidades Bogotá Distrito Capital] (Registro nro. 78846)
[ vista simple ]
| 000 -ENCABEZADO | |
|---|---|
| Número de control [NR] | 01104nam a2200253Ia 4500 |
| 005 - FECHA Y HORA DE LA ÚLTIMA TRANSACCIÓN | |
| control field | 20191213125641.0 |
| 008 - DE LONGITUD FIJA DE DATOS DE ELEMENTOS - INFORMACIÓN GENERAL | |
| Elementos de longitud fija [NR] | 130821s xx a gr spa |
| 040 ## - FUENTE DE CATALOGACION [NR] | |
| Agencia de catalogación original [NR] | Co-BoUCM |
| Quien Cataloga | [Nuevo] |
| Quien Clasifica | [Nuevo] |
| 041 00 - CODIGO DE IDIOMA [R] | |
| Código de idioma para texto/pista de sonido o título separado [R] | Español |
| 043 ## - CODIGO DE AREA GEOGRAFICA [NR] | |
| Código de área geográfica [R] | s-ck--- |
| 092 ## - SIGNATURA TOPOGRAFICA LOCAL | |
| Número de clasificación local | MAP 0102 |
| 245 00 - MENCION DE TITULO [NR] | |
| Título [NR] | [Localidades Bogotá Distrito Capital] |
| Parte restante del título [NR] | Mapa físico de Bogotá Distrito Capital |
| Medio físico [NR] | [Material cartográfico] |
| 255 ## - DATOS MATEMATICOS CARTOGRAFICOS [R] | |
| Mención de escala [NR] | Escala aproximada 1:180.000 |
| 260 ## - PUBLICACION, DISTRIBUCION, ETC. (PIE DE IMPRENTA) [R] | |
| Lugar de publicación, distribución, etc. [R] | [Lugar desconocido] |
| Nombre del editor, distribuidor, etc. [R] | [Editorial desconocida] |
| Fecha de publicación, distribución, etc. [R] | [fecha desconocida] |
| 300 ## - DESCRIPCION FISICA [R] | |
| Extensión [R] | 2 mapa |
| Otros detalles físicos [NR] | color, montado en marco de madera |
| 500 ## - NOTA GENERAL [R] | |
| Nota general [NR] | Donación UCM-C-ARRAYANES. |
| 505 #0 - NOTA DE CONTENIDO CON FORMATO PREESTABLECIDO [R] | |
| Información miscelánea [R] | Mapa 1 : |
| State manifest and birth record (1764-1977). | Bandera de Bogotá -- |
| -- | Localización del Distrito en el Departamento. |
| 650 ## - ASIENTO SECUNDARIO DE MATERIA - TERMINO TEMATICO [R] | |
| Término temático o nombre geográfico como elemento de entrada [NR] | Geografía de Colombia |
| 9 (RLIN) | 16341 |
| 650 ## - ASIENTO SECUNDARIO DE MATERIA - TERMINO TEMATICO [R] | |
| Término temático o nombre geográfico como elemento de entrada [NR] | Geografía física |
| Subdivisión geográfica [R] | Bogotá (Colombia) |
| Subdivisión de forma [R] | Mapas |
| 9 (RLIN) | 16348 |
| 651 ## - ASIENTO SECUNDARIO DE MATERIA - NOMBRE GEOGRAFICO [R] | |
| Nombre geográfico [NR] | Bogotá (Colombia) |
| Subdivisión de forma [R] | Geografía |
| -- | Mapas |
| 9 (RLIN) | 45522 |
| 651 ## - ASIENTO SECUNDARIO DE MATERIA - NOMBRE GEOGRAFICO [R] | |
| Nombre geográfico [NR] | Bogotá (Colombia) |
| Subdivisión general [R] | divisiones administrativas y políticas |
| Subdivisión de forma [R] | Mapas |
| 9 (RLIN) | 45523 |
| 740 0# - ASIENTO SECUNDARIO – TITULOS RELACIONADOS/ANALITICOS NO CONTROLADOS [R] | |
| Título relacionado o analítico no controlado [NR] | Mapa físico de Bogotá Distrito Capital |
| Medio físico [NR] | [Material Cartográfico]. |
| 942 ## - ELEMENTOS DE ENTRADA AGREGADOS (KOHA) | |
| Sistema de clasificación | LOCAL |
| Tipo de ítem principal el descrito en 300a | Material cartográfico |
| Tema principal | Generalidades |
| Edición | 1 |
| Clasificación | MAP 0102 |
| Parte restante de la signatura top. | |
| Fecha de último préstamo | Total préstamos | Signatura topográfica | Código de barras | Última vez visto | Ejemplar | Price effective from | Tipo de ítem | Perdido | Sistema de clasificación | Dañado | No prestable | Tipo de ítem específico | Suprimido | Ubicación habitual | Ubicación actual | Localización | Fecha de creación | Forma de adquisición | Costo |
|---|---|---|---|---|---|---|---|---|---|---|---|---|---|---|---|---|---|---|---|
| 08/02/2012 | MAP 0102 | 100124063 | 10/12/2025 | Ej.1 | 03/02/2013 | Mapa | LOCAL | Mapa | Claustro | Claustro | 2do piso | Donación | 26000.00 |